000 01402nam a2200337Ia 4500
001 ebr10083778
003 CaPaEBR
006 m u
007 cr cn|||||||||
008 050221s2003 nju sb 100 0 eng d
020 _z9812383123 (cased)
040 _aCaPaEBR
_cCaPaEBR
035 _a(OCoLC)228115554
050 1 4 _aQA174
_b.L57 2001eb
082 0 4 _a516.13
_222
111 2 _aLMS Durham Symposium on Groups, Geometry and Combinatorics
_d(2001 :
_cGrey College, University of Durham)
245 1 0 _aGroups combinatorics & geometry
_h[electronic resource] :
_bDurham 2001 /
_cA.A. Ivanov, M.W. Liebeck, J. Saxl, [editors].
260 _aNew Jersey ;
_aLondon :
_bWorld Scientific,
_c2003.
300 _ax, 335 p.
500 _aConference proceedings.
504 _aIncludes bibliographical references.
533 _aElectronic reproduction.
_bPalo Alto, Calif. :
_cebrary,
_d2009.
_nAvailable via World Wide Web.
_nAccess may be limited to ebrary affiliated libraries.
650 0 _aGroup theory
_vCongresses.
650 0 _aCombinatorial analysis
_vCongresses.
655 7 _aElectronic books.
_2local
700 1 _aIvanov, A. A.
700 1 _aLiebeck, M. W.
_q(Martin W.),
_d1954-
700 1 _aSaxl, J.
_q(Jan),
_d1948-
710 2 _aebrary, Inc.
856 4 0 _uhttp://site.ebrary.com/lib/rucke/Doc?id=10083778
_zAn electronic book accessible through the World Wide Web; click to view
999 _c56011
_d56011